লোডিং...

Mein Kampf /

গ্রন্থ-পঞ্জীর বিবরন
প্রধান লেখক: Hitler, A.
বিন্যাস: Printed Book
ভাষা:English
প্রকাশিত: London : Victor Gollancz, 1977.
LEADER 00364nam a2200121Ia 4500
008 150624b xxu||||| |||| 00| 0 eng d
100 |a Hitler, A. 
245 |a Mein Kampf /  |c A. Hitler 
260 |a London :  |b Victor Gollancz,  |c 1977. 
300 |a 629 p. 
942 |c BK 
999 |c 30903  |d 30903 
952 |0 1  |1 0  |4 0  |7 0  |9 30902  |a UL  |b UL  |c ST1  |d 1998-08-27  |l 0  |p 42411  |r 2012-10-27  |w 2012-10-27  |y BK